Statistics for Χώρες που έχουν νομιμοποιήσει τον γάμο ομοφύλων 🏳️‍🌈

Click here to take the quiz!

General Stats

  • This quiz has been taken 17 times
  • The average score is 23 of 37

Answer Stats

ΈτοςΧώρα% Correct
2017Γερμανία
100%
2009Σουηδία
100%
2001Κάτω Χώρες
93%
2022Ελβετία
93%
2020Ηνωμένο Βασίλειο
93%
2009Νορβηγία
93%
2012Δανία
93%
2005Ισπανία
86%
2003Βέλγιο
86%
2015Ηνωμένες Πολιτείες
79%
2019Αυστρία
79%
2024Ελλάδα
79%
2013Γαλλία
79%
2005Καναδάς
79%
2017Φινλανδία
71%
2024Εσθονία
71%
2017Αυστραλία
71%
2010Ισλανδία
71%
2015Ιρλανδία
71%
2013Βραζιλία
71%
2015Λουξεμβούργο
71%
2010Αργεντινή
64%
2010Πορτογαλία
64%
2022Μεξικό
64%
2013Νέα Ζηλανδία
64%
2023Ανδόρα
57%
2017Μάλτα
50%
2022Σλοβενία
50%
2022Κούβα
36%
2006Νότια Αφρική
36%
2022Χιλή
36%
2016Κολομβία
29%
2020Κόστα Ρίκα
14%
2019Ισημερινός
14%
2013Ουρουγουάη
14%
2023Νεπάλ
7%
2019Ταϊβάν
7%

Score Distribution

Percentile by Number Answered

Percent of People with Each Score

Your Score History

You have not taken this quiz